000 00367 a2200085 4500
999 _c21264
_d21264
003 WA 310
005 20220316142734.0
008 220316s2002 pl ||||| |||| 00| 0 pol d
020 _a8323683328
040 _aWA 310
_cWA 310
041 _apol
245 0 0 _aTechnika informatyczna - Techniki zabezpieczeń - Kryteria oceny zabezpieczeń informatycznych - Część 1: Wprowadzenie i model ogólny =
_bInformation technology - Security techniques - Evaluation criteria for IT security - Part 1: Introduction and general model PN-ISO/IEC 15408-1:2002P /
_cNKP nr 182.
246 1 3 _aPN-ISO/IEC 15408-1
246 1 3 _aICS 35.030
246 1 3 _aPolska Norma
260 _aWarszawa :
_bPKN,
_c2002.
300 _a55 stron ;
_c30 cm.
336 _2rdacontent
_aTekst
_btxt
337 _2rdamedia
_aBez urządzenia pośredniczącego
_bn
338 _2rdacarrier
_aWolumin
_bnc
500 _aWprowadza ISO/IEC 15408-1:1999, IDT ; Ustanowiona przez Polski Komitet Normalizacyjny dnia 12 sierpnia 2002 r.
504 _aBibliografia na stronie 50.
590 _6Status: wycofana.
710 _91107
_aPolska.
_bPolski Komitet Normalizacyjny.
_eInstytucja sprawcza
920 _a83-236-8332-8
942 _2ddc
_cBK